Juana la loca (Record no. 6872)
[ view plain ]
| 000 -CABECERA | |
|---|---|
| campo de control de longitud fija | 00689nam a2200229 a 4500 |
| 001 - NÚMERO DE CONTROL | |
| campo de control | BRCA_7191 |
| 005 - FECHA Y HORA DE LA ÚLTIMA TRANSACCIÓN | |
| campo de control | 20190320205738.0 |
| 008 - DATOS DE LONGITUD FIJA--INFORMACIÓN GENERAL | |
| campo de control de longitud fija | 160112s1932----sp-#######---#000-0#spa-# |
| 041 ## - CÓDIGO DE LENGUA | |
| Código de lengua del texto/banda sonora o título independiente | spa |
| Código de lengua original | ger |
| 044 ## - CÓDIGO DEL PAÍS DE LA ENTIDAD EDITORA/PRODUCTORA | |
| Código MARC del país | sp |
| 050 #4 - SIGNATURA TOPOGRÁFICA DE LA BIBLIOTECA DEL CONGRESO | |
| Número de clasificación | DP143.6 |
| Número de documento/Ítem | .P4318 1932 |
| 100 1# - ENTRADA PRINCIPAL--NOMBRE DE PERSONA | |
| Nombre de persona | Pfandl, Ludwig |
| Fechas asociadas al nombre | 1881 |
| 9 (RLIN) | 17820 |
| 245 10 - MENCIÓN DE TÍTULO | |
| Título | Juana la loca |
| Resto del título | su tiempo, su culpa |
| Mención de responsabilidad, etc. | Luis Pfandl; tr. del aleman por Felipe Villaverde. |
| 260 ## - PUBLICACIÓN, DISTRIBUCIÓN, ETC. | |
| Lugar de publicación, distribución, etc. | Madrid |
| Nombre del editor, distribuidor, etc. | Espasa-Calpe |
| Fecha de publicación, distribución, etc. | 1932 |
| 300 ## - DESCRIPCIÓN FÍSICA | |
| Extensión | 214 p. |
| Dimensiones | 21 cm. |
| 500 ## - NOTA GENERAL | |
| Nota general | Estado físico: Encuadernación deteriorada |
| 500 ## - NOTA GENERAL | |
| Nota general | P84 |
| 600 14 - PUNTO DE ACCESO ADICIONAL DE MATERIA--NOMBRE DE PERSONA | |
| Nombre de persona | Juana la loca, Reina de Castilla |
| Fechas asociadas al nombre | 1479-1555 |
| 9 (RLIN) | 17821 |
| 651 #4 - PUNTO DE ACCESO ADICIONAL DE MATERIA--NOMBRE GEOGRÁFICO | |
| Nombre geográfico | España |
| Subdivisión general | Historia |
| 9 (RLIN) | 4629 |
| 902 ## - CATALOGADOR | |
| Iniciales | GFM |
| 942 ## - ELEMENTOS DE PUNTO DE ACCESO ADICIONAL (KOHA) | |
| Fuente del sistema de clasificación o colocación | Library of Congress Classification |
| Tipo de ítem Koha | Libros |
| Estado de retiro | Estado de pérdida | Estado dañado | No para préstamo | Localización permanente | Ubicación/localización actual | Fecha de adquisición | Número de inventario | Total de préstamos | Signatura topográfica completa | Código de barras | Fecha visto por última vez | Precio válido a partir de | Tipo de ítem Koha |
|---|---|---|---|---|---|---|---|---|---|---|---|---|---|
| El ejemplar forma parte de la colección y puede ser consultado según las políticas vigentes. | Biblioteca del Museo Franz Mayer (Rogerio Casas-Alatriste) | Biblioteca del Museo Franz Mayer (Rogerio Casas-Alatriste) | 16/01/2012 | P84 | DP143.6 .P4318 1932 (P84) | 7645 | 22/03/2019 | 22/03/2019 | Libros |